000 00442nam a2200181Ia 4500
001 1766
005 20260306143752.0
008 260306t1990||||xx |||||||||||||| ||spa||
041 _aESP
082 _a155.4
_bB44
100 _aBeque Diaz, Gladys
_eAUT
245 0 _aLa estimulación temprana y la motricidad
260 _c1990
300 _asin numeración :
_c23 x 16 cm.
650 _aGEN
654 _aCPS
942 _cLIB
_dJUS
_fJUS
_2ddc
_n
999 _c1766
_d1766